Normal view MARC view

Entry Nombre personal

Number of records used in: 1

001 - NÚMERO DE CONTROL

  • campo de control: 6228

003 - IDENTIFICADOR DE NÚMERO DE CONTROL

  • campo de control: BO-EaUP

005 - FECHA Y HORA DE LA ÚLTIMA TRANSACCIÓN

  • campo de control: 20260510170314.0

008 - ELEMENTOS DE DATO DE LONGITUD-FIJA

  • campo de control de longitud fija: 260510|| aca||aabn | a|a d

040 ## - FUENTE DE CATALOGACIÓN

  • Centro catalogador/agencia de origen: BO-EaUP
  • Centro/agencia transcriptor: BO-EaUP

100 ## - ENCABEZAMIENTO-NOMBRE DE PERSONA

  • Nombre de persona: Montenegro Calvimontes, Miguel

670 ## - FUENTE DE DATOS ENCONTRADOS

  • Cita de la fuente: Work cat.: (BO-EaUP)5185: Montenegro Castillo, Paola Viviana Autora 4011, Las Mores Maiorum y el Derecho Romano, 2021